| 000 | 00887nam a22002297a 4500 | ||
|---|---|---|---|
| 999 |
_c63405 _d63405 |
||
| 005 | 20240530110639.0 | ||
| 008 | 171007s2016 ua a g b 000 0 ara d | ||
| 017 |
_a2015/11483 _bمصر. دار الكتب |
||
| 020 | _a9789777352925 | ||
| 040 |
_aEG-CaGPL _cEG-CaGPL |
||
| 082 | 0 | 4 |
_221 _a361.68\ _bم ر |
| 100 | 0 | _aمحمد حلمى بريك . | |
| 245 | 1 | 2 |
_aالرعاية الاجتماعية للاسر الاولى بالرعاية / _cمحمد حلمى بريك . |
| 250 | _aط.1 | ||
| 260 |
_aالاسكندرية : _bدار الوفاء لدنيا الطباعة و النشر ، _c2016 |
||
| 300 |
_a347 ص. ؛ _c24 سم . |
||
| 504 | _aببليوجرافية : ص 321 - 343 | ||
| 650 | 0 | 7 |
_2qrmak _aالاسرة _xرعاية اجتماعية |
| 650 | 0 | 7 |
_2qrmak _aالاسرة فى الاسلام |
| 942 |
_2ddc _cBK |
||